| 000 | 00912nam a22002415a 4500 | ||
|---|---|---|---|
| 005 | 20201128024055.0 | ||
| 008 | 161215s2012 enka frb 000 0 eng d | ||
| 020 | _a9781444757767 | ||
| 040 |
_aEG-ScBUE _beng _cEG-ScBUE _dEG-ScBUE |
||
| 082 | 0 | 4 |
_222 _a158 _bRUB |
| 100 | 1 | _aRubin, Gretchen. | |
| 245 | 1 | 0 |
_aHappier at home : _bkiss more, jump more, abandon a project, read Samuel Johnson, and my other experiments in the practice of everyday life / _cGretchen Rubin. |
| 260 |
_aLondon : _bTwo Roads, _c2012. |
||
| 300 |
_axiii, 273 p. : _bill. ; _c24 cm. |
||
| 500 | _a1 New York Times bestselling author of the happiness project. | ||
| 504 | _aIncludes bibliographical references. | ||
| 650 | 7 |
_2BUEsh _91102 _aHappiness. |
|
| 650 | 7 |
_9823 _aSelf-actualization (Psychology) _2BUEsh |
|
| 650 | 7 |
_aLife skills. _2BUEsh |
|
| 651 | _2BUEsh | ||
| 653 |
_bEEENG _bHHUUPPSS _cDecember2016 _dBestSellers |
||
| 942 | _2ddc | ||
| 999 |
_c23594 _d23566 |
||